000 00332nam a2200133 i 4500
001 bg
100 1 _aLITEWSKA, Andrzej
245 0 _aUszkodzenie i pękanie metali w warunkach pełzania /
_cA. Litewska.
260 _aPoznań,
_c1991.
040 _cBPK
041 _apol
942 _cKS
008 s pl f |000 0 pol
999 _c29460
_d29460
856 _uhttp://koha.tu.koszalin.pl/cgi-bin/koha/opac-detail.pl?biblionumber=29460
_yKatalog online BPK